000 00566nam a22001937a 4500
005 20251205125631.0
010 _aENG-147230
020 _a8178823667
_c595.00
035 _aEN-130762
037 _bDBAD
082 _a338.90014
_21
100 _aSood, Ritu S
_985881
245 _aRoots of Development Communication/
_cRitu S Sood
250 _a1
260 _aDelhi
_bSurinder Kumar & Sons
_c2023
270 _a30/21 A-22A, Gali No 9 Vishwas Nagar, Shahdara
_bDelhi
_e110032
300 _a192p.
_c22cm (hb)
942 _2ddc
_cEN
_h338.90014
_mSOO
999 _c213857
_d213857